Kto stworzył te piosenke? Polski Rap/Trap. #2 - Statystyki

Ogólne statystyki
  • Ten quiz został rozwiązany 161 razy
  • Średni wynik to 5 z 15
Statystyki odpowiedzi
Piosenka Wykonawca % Poprawnych
TOA$T / Bedoes/Lanek
86%
Nawiedzony Dom / Bedoes/Lanek/Szpaku
84%
Wuwua Josef Bratan/Malik Montana
56%
Yin Yang Gedz/Taco Hemingway
50%
BOILER ROOM Guzior/Kukon
50%
Nisko jest niebo Pezet/Kayah
41%
Światła Miasta Fukaj/Kubi Producent
29%
Fanlove Szpaku/Kadobe
20%
Korea Żabson/Duszyn/Locomode
19%
Testosport Kizo/Aero/Joda
17%
Mali ludzie Paluch/Oki
14%
X Słoń
14%
Ktoś Kabe/Kaz Bałagane
11%
Echo Kali/Major SPZ/Malik Montana/Josef
11%
Tort Żabson/Karlo/Yzomandias
9%
Nie znaleziono quizów pasujących do podanych kryteriów
Rozkład punktacji
Procent ludzi z każdym wynikiem
Percentyl według liczby udzielonych odpowiedzi
Twoja historia wyników
Nie rozwiązałeś tego quizu